000 00239nam a22000857a 4500
008 161201b xxu||||| |||| 00| 0 eng d
100 _91635
_aBhatt. C
245 _aPrimary instraction in english main course
260 _aNew delhi
_bfrank bro
_c2005
999 _c4349
_d4349